[Event "DEM U14 2025"]
[Site "Willingen GER"]
[Date "2025.06.08"]
[Round "2"]
[White "Shevchenko, Igor"]
[Black "Nguyen, Thanh An"]
[Result "0-1"]
[Termination "normal"]
[Board "6"]
[WhiteElo "1882"]
[BlackElo "2041"]
[WhiteClock "00:01:52"]
[BlackClock "00:50:24"]
[PlyCount "84"]
[WhiteFideId "34634924"]
[BlackFideId "34627804"]
[EventCountry "GER"]
[EventRounds "9"]
[EventType "swiss"]
[EventDate "2025.06.07"]

1. d4 {[%clk 01:30:49]} {[%emt 00:00:10]} Nf6 {[%clk 01:30:53]} {[%emt
00:00:07]} 2. c4 {[%clk 01:31:14]} {[%emt 00:00:06]} e6 {[%clk 01:31:21]}
{[%emt 00:00:03]} 3. Nc3 {[%clk 01:31:38]} {[%emt 00:00:05]} Bb4 {[%clk
01:31:40]} {[%emt 00:00:11]} 4. e3 {[%clk 01:32:00]} {[%emt 00:00:08]} O-O
{[%clk 01:32:05]} {[%emt 00:00:05]} 5. Nge2 {[%clk 01:32:20]} {[%emt 00:00:10]}
b6 {[%clk 01:31:37]} {[%emt 00:00:59]} 6. a3 {[%clk 01:27:30]} {[%emt
00:05:20]} Bxc3+ {[%clk 01:25:42]} {[%emt 00:06:24]} 7. Nxc3 {[%clk 01:26:03]}
{[%emt 00:01:57]} d5 {[%clk 01:25:51]} {[%emt 00:00:21]} 8. cxd5 {[%clk
01:23:41]} {[%emt 00:02:52]} Nxd5 {[%clk 01:25:28]} {[%emt 00:00:54]} 9. e4
{[%clk 01:14:40]} {[%emt 00:09:30]} Nxc3 {[%clk 01:24:01]} {[%emt 00:01:57]}
10. bxc3 {[%clk 01:14:58]} {[%emt 00:00:12]} Bb7 {[%clk 01:22:45]} {[%emt
00:01:46]} 11. Bd3 {[%clk 01:09:36]} {[%emt 00:05:52]} c5 {[%clk 01:18:59]}
{[%emt 00:04:16]} 12. dxc5 {[%clk 00:59:12]} {[%emt 00:10:54]} bxc5 {[%clk
01:17:30]} {[%emt 00:01:59]} 13. O-O {[%clk 00:54:09]} {[%emt 00:05:33]} Qc7
{[%clk 01:12:58]} {[%emt 00:05:03]} 14. f4 {[%clk 00:41:35]} {[%emt 00:13:03]}
c4 {[%clk 01:09:29]} {[%emt 00:03:59]} 15. Bc2 {[%clk 00:40:10]} {[%emt
00:01:54]} Nd7 {[%clk 01:08:54]} {[%emt 00:01:06]} 16. Qe2 {[%clk 00:36:48]}
{[%emt 00:03:53]} Nc5 {[%emt 00:07:54]} 17. Rd1 {[%clk 00:30:46]} Nd3 {[%clk
01:03:38]} {[%emt 00:04:53]} 18. Qe3 {[%clk 00:20:12]} {[%emt 00:11:04]} Rfd8
{[%clk 01:00:04]} {[%emt 00:04:04]} 19. Bxd3 {[%clk 00:18:57]} {[%emt
00:01:45]} cxd3 {[%clk 01:00:28]} {[%emt 00:00:06]} 20. Bd2 {[%clk 00:15:35]}
{[%emt 00:03:52]} Qc6 {[%clk 00:59:26]} {[%emt 00:01:32]} 21. Re1 {[%clk
00:14:08]} {[%emt 00:01:57]} f5 {[%clk 00:59:46]} {[%emt 00:00:10]} 22. Rab1
{[%clk 00:11:50]} {[%emt 00:02:48]} Qxe4 {[%clk 00:58:46]} {[%emt 00:01:30]}
23. Qxe4 {[%clk 00:12:13]} {[%emt 00:00:06]} Bxe4 {[%clk 00:59:14]} {[%emt
00:00:03]} 24. Kf2 {[%clk 00:11:20]} {[%emt 00:01:23]} Kf7 {[%clk 00:59:26]}
{[%emt 00:00:18]} 25. Rb4 {[%clk 00:10:05]} {[%emt 00:01:45]} Rac8 {[%clk
00:56:57]} {[%emt 00:02:59]} 26. Reb1 {[%clk 00:09:28]} {[%emt 00:01:07]} Rc7
{[%clk 00:57:21]} {[%emt 00:00:06]} 27. g3 {[%clk 00:08:48]} {[%emt 00:01:09]}
Rd6 {[%clk 00:55:26]} {[%emt 00:02:25]} 28. Ke3 {[%clk 00:05:42]} {[%emt
00:03:37]} Rc5 {[%clk 00:53:32]} {[%emt 00:02:24]} 29. Ra4 {[%clk 00:05:07]}
{[%emt 00:01:06]} Rd7 {[%clk 00:51:22]} {[%emt 00:02:39]} 30. Rab4 {[%clk
00:01:22]} {[%emt 00:04:15]} e5 {[%clk 00:50:55]} {[%emt 00:00:57]} 31. fxe5
{[%clk 00:00:36]} {[%emt 00:01:15]} Rxe5 {[%clk 00:51:21]} {[%emt 00:00:05]}
32. Kf4 {[%clk 00:00:41]} {[%emt 00:00:25]} Re6 {[%clk 00:50:33]} {[%emt
00:01:18]} 33. Re1 {[%clk 00:00:37]} {[%emt 00:00:34]} Rde7 {[%clk 00:47:28]}
{[%emt 00:03:35]} 34. g4 {[%clk 00:00:36]} {[%emt 00:00:31]} g5+ {[%clk
00:47:39]} {[%emt 00:00:19]} 35. Kg3 {[%clk 00:00:33]} {[%emt 00:00:33]} f4+
{[%clk 00:47:57]} {[%emt 00:00:12]} 36. Kf2 {[%clk 00:00:41]} {[%emt 00:00:22]}
Bg6 {[%clk 00:48:08]} {[%emt 00:00:18]} 37. Rxe6 {[%clk 00:00:52]} {[%emt
00:00:20]} Rxe6 {[%clk 00:48:35]} {[%emt 00:00:03]} 38. Rb7+ {[%clk 00:00:52]}
{[%emt 00:00:29]} Kf6 {[%clk 00:49:01]} {[%emt 00:00:05]} 39. Kf1 {[%clk
00:01:00]} {[%emt 00:00:21]} Re2 {[%clk 00:49:27]} {[%emt 00:00:05]} 40. Be1
{[%clk 00:01:23]} {[%emt 00:00:06]} Rxh2 {[%clk 00:49:48]} {[%emt 00:00:10]}
41. Rxa7 {[%clk 00:01:27]} {[%emt 00:00:25]} d2 {[%clk 00:49:58]} {[%emt
00:00:21]} 42. Bxd2 {[%clk 00:01:52]} {[%emt 00:00:05]} Rxd2 {[%clk 00:50:24]}
{[%emt 00:00:04]} 0-1

[Event "DEM U14 2025"]
[Site "Willingen GER"]
[Date "2025.06.08"]
[Round "2"]
[White "Vranckx, Oscar"]
[Black "Schulz, Robin"]
[Result "1-0"]
[Termination "normal"]
[Board "7"]
[WhiteElo "2018"]
[BlackElo "1939"]
[WhiteClock "00:54:35"]
[BlackClock "00:26:46"]
[PlyCount "92"]
[WhiteFideId "34608788"]
[BlackFideId "34641912"]
[EventCountry "GER"]
[EventRounds "9"]
[EventType "swiss"]
[EventDate "2025.06.07"]

1. e4 {[%clk 01:30:57]} {[%emt 00:00:03]} c6 {[%clk 01:30:55]} {[%emt
00:00:06]} 2. Nf3 {[%clk 01:31:20]} {[%emt 00:00:05]} d5 {[%clk 01:31:22]}
{[%emt 00:00:04]} 3. Nc3 {[%clk 01:31:44]} {[%emt 00:00:05]} dxe4 {[%clk
01:31:47]} {[%emt 00:00:06]} 4. Nxe4 {[%clk 01:32:08]} {[%emt 00:00:05]} Nf6
{[%clk 01:32:11]} {[%emt 00:00:06]} 5. Qe2 {[%clk 01:32:33]} {[%emt 00:00:05]}
Nxe4 {[%clk 01:32:36]} {[%emt 00:00:05]} 6. Qxe4 {[%clk 01:32:58]} {[%emt
00:00:06]} Nd7 {[%clk 01:33:00]} {[%emt 00:00:06]} 7. Bc4 {[%clk 01:33:10]}
{[%emt 00:00:17]} Nf6 {[%clk 01:33:26]} {[%emt 00:00:05]} 8. Ne5 {[%clk
01:33:12]} {[%emt 00:00:28]} e6 {[%clk 01:33:47]} {[%emt 00:00:08]} 9. Qe2
{[%clk 01:33:37]} {[%emt 00:00:05]} Bd6 {[%clk 01:34:12]} {[%emt 00:00:06]} 10.
d4 {[%clk 01:30:23]} {[%emt 00:03:44]} O-O {[%clk 01:34:34]} {[%emt 00:00:07]}
11. O-O {[%clk 01:30:36]} {[%emt 00:00:17]} Qc7 {[%clk 01:34:29]} {[%emt
00:00:36]} 12. Bd3 {[%clk 01:26:31]} {[%emt 00:04:34]} b6 {[%clk 01:31:07]}
{[%emt 00:03:53]} 13. Bg5 {[%emt 00:07:23]} Be7 {[%clk 01:25:56]} {[%emt
00:05:38]} 14. Nxc6 {[%clk 01:07:29]} {[%emt 00:12:41]} Qxc6 {[%clk 01:22:27]}
{[%emt 00:04:00]} 15. Bxf6 {[%clk 01:07:55]} {[%emt 00:00:04]} Bxf6 {[%clk
01:17:07]} {[%emt 00:05:50]} 16. Be4 {[%clk 01:08:19]} {[%emt 00:00:06]} Qa4
{[%clk 01:17:32]} {[%emt 00:00:05]} 17. Qh5 {[%clk 01:08:33]} {[%emt 00:00:16]}
g6 {[%clk 01:17:33]} {[%emt 00:00:29]} 18. Qf3 {[%clk 01:08:57]} {[%emt
00:00:05]} Bxd4 {[%clk 01:12:44]} {[%emt 00:05:19]} 19. Bxa8 {[%clk 01:08:38]}
{[%emt 00:00:50]} Bxb2 {[%clk 01:13:02]} {[%emt 00:00:12]} 20. Rab1 {[%clk
01:08:50]} {[%emt 00:00:18]} Qxa2 {[%clk 01:12:18]} {[%emt 00:01:14]} 21. Be4
{[%clk 01:08:54]} {[%emt 00:00:26]} a5 {[%clk 01:07:25]} {[%emt 00:05:22]} 22.
Qe2 {[%clk 01:07:36]} {[%emt 00:01:48]} Qa3 {[%clk 00:58:29]} {[%emt 00:09:27]}
23. Rfd1 {[%clk 01:06:08]} {[%emt 00:01:57]} e5 {[%clk 00:56:18]} {[%emt
00:02:41]} 24. Qe3 {[%clk 01:03:41]} {[%emt 00:02:57]} Bg4 {[%clk 00:51:41]}
{[%emt 00:05:08]} 25. Bf3 {[%clk 00:59:17]} {[%emt 00:04:54]} Bxf3 {[%clk
00:50:01]} {[%emt 00:02:09]} 26. gxf3 {[%clk 00:59:38]} {[%emt 00:00:09]} Rc8
{[%clk 00:37:11]} {[%emt 00:13:20]} 27. Qxa3 {[%clk 00:53:15]} {[%emt
00:06:54]} Bxa3 {[%clk 00:37:34]} {[%emt 00:00:07]} 28. Rxb6 {[%clk 00:52:19]}
{[%emt 00:01:25]} Rxc2 {[%clk 00:37:58]} {[%emt 00:00:06]} 29. Rb5 {[%clk
00:52:10]} {[%emt 00:00:40]} Bc5 {[%clk 00:38:10]} {[%emt 00:00:17]} 30. Rxa5
{[%clk 00:51:01]} {[%emt 00:01:39]} Bxf2+ {[%clk 00:38:21]} {[%emt 00:00:19]}
31. Kh1 {[%clk 00:51:27]} {[%emt 00:00:05]} Be3 {[%clk 00:35:38]} {[%emt
00:03:12]} 32. Rxe5 {[%clk 00:50:04]} {[%emt 00:01:53]} Rxh2+ {[%clk 00:32:21]}
{[%emt 00:03:48]} 33. Kxh2 {[%clk 00:50:29]} {[%emt 00:00:05]} Bf4+ {[%clk
00:32:47]} {[%emt 00:00:04]} 34. Kg2 {[%clk 00:50:51]} {[%emt 00:00:07]} Bxe5
{[%clk 00:33:13]} {[%emt 00:00:05]} 35. Re1 {[%clk 00:51:13]} {[%emt 00:00:07]}
Bf4 {[%clk 00:31:29]} {[%emt 00:02:14]} 36. Re4 {[%clk 00:51:29]} {[%emt
00:00:14]} g5 {[%clk 00:31:21]} {[%emt 00:00:38]} 37. Ra4 {[%clk 00:51:28]}
{[%emt 00:00:31]} Kg7 {[%clk 00:31:34]} {[%emt 00:00:17]} 38. Ra6 {[%clk
00:51:54]} {[%emt 00:00:05]} f6 {[%clk 00:30:53]} {[%emt 00:01:10]} 39. Kf2
{[%clk 00:52:17]} {[%emt 00:00:07]} Kg6 {[%clk 00:31:11]} {[%emt 00:00:12]} 40.
Ke2 {[%clk 00:52:25]} {[%emt 00:00:22]} h5 {[%clk 00:29:55]} {[%emt 00:01:45]}
41. Ra8 {[%clk 00:52:42]} {[%emt 00:00:14]} g4 {[%clk 00:27:53]} {[%emt
00:02:32]} 42. Rg8+ {[%clk 00:53:06]} {[%emt 00:00:06]} Kf5 {[%clk 00:28:17]}
{[%emt 00:00:05]} 43. Rh8 {[%clk 00:53:32]} {[%emt 00:00:05]} Kg5 {[%clk
00:28:24]} {[%emt 00:00:23]} 44. Rg8+ {[%clk 00:53:43]} {[%emt 00:00:19]} Kh4
{[%clk 00:27:47]} {[%emt 00:01:07]} 45. Kf2 {[%clk 00:54:09]} {[%emt 00:00:04]}
Kh3 {[%clk 00:27:17]} {[%emt 00:00:59]} 46. fxg4 {[%clk 00:54:35]} {[%emt
00:00:05]} hxg4 {[%clk 00:26:46]} {[%emt 00:00:25]} 1-0

[Event "DEM U14 2025"]
[Site "Willingen GER"]
[Date "2025.06.08"]
[Round "2"]
[White "Zhang, Yibo"]
[Black "Svanidze, Alexander"]
[Result "1-0"]
[Termination "normal"]
[Board "8"]
[WhiteElo "2014"]
[BlackElo "1720"]
[WhiteClock "00:25:08"]
[BlackClock "00:18:37"]
[PlyCount "89"]
[WhiteFideId "16287657"]
[BlackFideId "34623469"]
[EventCountry "GER"]
[EventRounds "9"]
[EventType "swiss"]
[EventDate "2025.06.07"]

1. e4 {[%clk 01:30:25]} {[%emt 00:00:24]} e5 {[%clk 01:30:57]} {[%emt
00:00:14]} 2. Nf3 {[%clk 01:30:45]} {[%emt 00:00:10]} Nf6 {[%clk 01:31:20]}
{[%emt 00:00:07]} 3. Nc3 {[%clk 01:26:01]} {[%emt 00:05:14]} Bb4 {[%clk
01:31:41]} {[%emt 00:00:08]} 4. a3 {[%clk 01:25:39]} {[%emt 00:00:52]} Bxc3
{[%clk 01:32:04]} {[%emt 00:00:06]} 5. dxc3 {[%clk 01:25:03]} {[%emt 00:01:07]}
d6 {[%clk 01:32:26]} {[%emt 00:00:09]} 6. Bd3 {[%clk 01:10:40]} {[%emt
00:14:53]} Nbd7 {[%clk 01:32:46]} {[%emt 00:00:10]} 7. O-O {[%clk 01:09:54]}
{[%emt 00:01:15]} O-O {[%clk 01:33:07]} {[%emt 00:00:09]} 8. c4 {[%clk
01:09:12]} {[%emt 00:01:13]} b6 {[%clk 01:33:14]} {[%emt 00:00:22]} 9. b4
{[%clk 01:04:49]} {[%emt 00:04:53]} Bb7 {[%clk 01:32:38]} {[%emt 00:01:07]} 10.
Nd2 {[%clk 00:55:10]} {[%emt 00:10:08]} Re8 {[%clk 01:31:05]} {[%emt 00:02:02]}
11. f3 {[%clk 00:50:30]} {[%emt 00:05:11]} Nf8 {[%clk 01:28:34]} {[%emt
00:03:01]} 12. Nb3 {[%clk 00:47:05]} {[%emt 00:03:55]} Qe7 {[%clk 01:25:01]}
{[%emt 00:04:02]} 13. Be3 {[%clk 00:43:56]} {[%emt 00:03:39]} Ne6 {[%clk
01:24:46]} {[%emt 00:00:45]} 14. Qe1 {[%clk 00:42:44]} {[%emt 00:01:42]} Nh5
{[%clk 01:22:26]} {[%emt 00:02:50]} 15. g3 {[%clk 00:38:54]} {[%emt 00:04:21]}
c5 {[%clk 01:18:46]} {[%emt 00:04:08]} 16. c3 {[%clk 00:37:18]} {[%emt
00:02:08]} g6 {[%clk 01:13:20]} {[%emt 00:05:56]} 17. Rf2 {[%clk 00:30:02]}
{[%emt 00:07:47]} Nhg7 {[%clk 01:10:48]} {[%emt 00:03:01]} 18. Bf1 {[%clk
00:27:48]} {[%emt 00:02:44]} f5 {[%clk 01:03:26]} {[%emt 00:07:52]} 19. exf5
{[%clk 00:21:36]} {[%emt 00:06:41]} Nxf5 {[%clk 01:01:37]} {[%emt 00:02:19]}
20. Bg2 {[%clk 00:19:59]} {[%emt 00:02:07]} Nxe3 {[%clk 00:59:34]} {[%emt
00:02:34]} 21. Qxe3 {[%clk 00:20:21]} {[%emt 00:00:07]} Rf8 {[%clk 00:59:45]}
{[%emt 00:00:19]} 22. Nd2 {[%clk 00:16:09]} {[%emt 00:04:43]} Rf7 {[%clk
00:40:23]} {[%emt 00:19:52]} 23. Ne4 {[%clk 00:15:21]} {[%emt 00:01:17]} Kg7
{[%clk 00:40:23]} {[%emt 00:00:30]} 24. Rd1 {[%clk 00:13:22]} {[%emt 00:02:29]}
Rd8 {[%clk 00:39:40]} {[%emt 00:01:13]} 25. Nxd6 {[%clk 00:06:55]} {[%emt
00:06:58]} Ng5 {[%clk 00:24:04]} {[%emt 00:16:05]} 26. f4 {[%clk 00:03:50]}
{[%emt 00:03:35]} Bxg2 {[%clk 00:24:00]} {[%emt 00:00:34]} 27. Kxg2 {[%emt
00:02:10]} Rxd6 {[%clk 00:22:41]} {[%emt 00:00:01]} 28. Rxd6 {[%clk 00:04:26]}
{[%emt 00:00:02]} Qxd6 {[%clk 00:21:51]} {[%emt 00:01:21]} 29. fxg5 {[%clk
00:04:44]} {[%emt 00:00:12]} Rxf2+ {[%clk 00:17:57]} {[%emt 00:04:24]} 30. Kxf2
{[%clk 00:04:46]} {[%emt 00:00:27]} cxb4 {[%clk 00:16:07]} {[%emt 00:02:19]}
31. cxb4 {[%clk 00:04:53]} {[%emt 00:00:24]} Qe6 {[%clk 00:14:44]} {[%emt
00:01:53]} 32. Qe4 {[%clk 00:03:33]} {[%emt 00:01:50]} Qe7 {[%clk 00:11:00]}
{[%emt 00:04:14]} 33. h4 {[%clk 00:03:50]} {[%emt 00:00:14]} a5 {[%clk
00:11:00]} {[%emt 00:00:30]} 34. bxa5 {[%clk 00:01:00]} {[%emt 00:03:19]} bxa5
{[%clk 00:11:16]} {[%emt 00:00:14]} 35. a4 {[%clk 00:01:08]} {[%emt 00:00:22]}
Qc5+ {[%clk 00:11:28]} {[%emt 00:00:18]} 36. Ke2 {[%clk 00:01:15]} {[%emt
00:00:23]} Qc7 {[%clk 00:07:39]} {[%emt 00:04:19]} 37. Qd5 {[%clk 00:00:52]}
{[%emt 00:00:53]} e4 {[%clk 00:03:57]} {[%emt 00:04:12]} 38. Qxe4 {[%clk
00:00:57]} {[%emt 00:00:24]} Qxg3 {[%clk 00:04:14]} {[%emt 00:00:13]} 39. c5
{[%clk 00:01:05]} {[%emt 00:00:23]} Qh2+ {[%clk 00:04:13]} {[%emt 00:00:32]}
40. Kd3 {[%clk 00:01:12]} {[%emt 00:00:22]} Qh3+ {[%clk 00:03:10]} {[%emt
00:01:32]} 41. Kc4 {[%clk 00:28:57]} {[%emt 00:02:46]} Qf1+ {[%clk 00:32:19]}
{[%emt 00:01:21]} 42. Kd5 {[%clk 00:29:01]} {[%emt 00:00:26]} Qf7+ {[%clk
00:31:51]} {[%emt 00:00:57]} 43. Kd6 {[%clk 00:28:57]} {[%emt 00:00:34]} Kf8
{[%clk 00:23:34]} {[%emt 00:08:47]} 44. Qe5 {[%clk 00:25:21]} {[%emt 00:04:04]}
Kg8 {[%clk 00:18:37]} {[%emt 00:05:28]} 45. Qe6 {[%clk 00:25:08]} {[%emt
00:00:45]} 1-0

[Event "DEM U14 2025"]
[Site "Willingen GER"]
[Date "2025.06.08"]
[Round "2"]
[White "Böhler, Yannic"]
[Black "Ratushnyi, Viktor"]
[Result "1/2-1/2"]
[Termination "normal"]
[Board "9"]
[WhiteElo "1711"]
[BlackElo "2057"]
[WhiteClock "00:03:39"]
[BlackClock "00:05:28"]
[PlyCount "59"]
[WhiteFideId "34609059"]
[BlackFideId "34167293"]
[EventCountry "GER"]
[EventRounds "9"]
[EventType "swiss"]
[EventDate "2025.06.07"]

1. c4 {[%clk 01:30:58]} {[%emt 00:00:02]} Nf6 {[%clk 01:30:53]} {[%emt
00:00:08]} 2. g3 {[%clk 01:31:24]} {[%emt 00:00:04]} g6 {[%clk 01:31:17]}
{[%emt 00:00:06]} 3. Bg2 {[%clk 01:31:50]} {[%emt 00:00:03]} Bg7 {[%clk
01:31:39]} {[%emt 00:00:08]} 4. Nf3 {[%clk 01:32:14]} {[%emt 00:00:06]} O-O
{[%clk 01:31:50]} {[%emt 00:00:19]} 5. O-O {[%clk 01:32:39]} {[%emt 00:00:05]}
c6 {[%clk 01:32:16]} {[%emt 00:00:05]} 6. d3 {[%clk 01:32:15]} {[%emt
00:00:54]} d5 {[%clk 01:31:52]} {[%emt 00:00:53]} 7. Nbd2 {[%clk 01:31:09]}
{[%emt 00:01:36]} Nbd7 {[%clk 01:28:35]} {[%emt 00:03:47]} 8. Rb1 {[%clk
01:30:02]} {[%emt 00:01:37]} a5 {[%clk 01:25:05]} {[%emt 00:04:01]} 9. b3
{[%clk 01:25:30]} {[%emt 00:05:01]} e5 {[%clk 01:22:53]} {[%emt 00:02:43]} 10.
e3 {[%clk 01:22:44]} {[%emt 00:03:16]} Re8 {[%clk 01:22:15]} {[%emt 00:01:08]}
11. Qc2 {[%clk 01:16:13]} {[%emt 00:07:00]} Qe7 {[%clk 01:15:24]} {[%emt
00:07:21]} 12. Bb2 {[%clk 01:05:38]} {[%emt 00:11:05]} b6 {[%clk 01:13:02]}
{[%emt 00:02:53]} 13. a3 {[%clk 01:03:27]} {[%emt 00:02:41]} Bb7 {[%clk
01:11:04]} {[%emt 00:02:27]} 14. b4 {[%clk 01:01:45]} {[%emt 00:02:12]} e4
{[%clk 01:00:10]} {[%emt 00:11:25]} 15. Ne1 {[%clk 00:56:22]} {[%emt 00:05:52]}
axb4 {[%clk 00:52:59]} {[%emt 00:07:41]} 16. axb4 {[%clk 00:55:34]} {[%emt
00:01:18]} Ra2 {[%clk 00:45:02]} {[%emt 00:08:27]} 17. Qb3 {[%clk 00:48:58]}
{[%emt 00:07:07]} Rea8 {[%clk 00:43:48]} {[%emt 00:01:43]} 18. Nc2 {[%clk
00:29:29]} {[%emt 00:19:59]} exd3 {[%clk 00:38:39]} {[%emt 00:05:38]} 19. Qxd3
{[%clk 00:19:08]} {[%emt 00:10:52]} Ne5 {[%clk 00:33:34]} {[%emt 00:05:35]} 20.
Qb3 {[%clk 00:15:41]} {[%emt 00:03:56]} dxc4 {[%clk 00:24:54]} {[%emt
00:09:11]} 21. Nxc4 {[%clk 00:15:40]} {[%emt 00:00:30]} Nxc4 {[%clk 00:25:15]}
{[%emt 00:00:11]} 22. Qxc4 {[%clk 00:16:02]} {[%emt 00:00:08]} Nd5 {[%clk
00:17:07]} {[%emt 00:08:38]} 23. Bxg7 {[%clk 00:14:45]} {[%emt 00:01:46]} Kxg7
{[%clk 00:17:35]} {[%emt 00:00:02]} 24. Nd4 {[%clk 00:10:29]} {[%emt 00:04:46]}
Qd6 {[%clk 00:15:23]} {[%emt 00:02:43]} 25. Rfc1 {[%clk 00:06:52]} {[%emt
00:04:06]} Qf6 {[%clk 00:12:41]} {[%emt 00:03:12]} 26. Rc2 {[%clk 00:06:34]}
{[%emt 00:00:48]} Rxc2 {[%clk 00:11:54]} {[%emt 00:01:17]} 27. Qxc2 {[%clk
00:06:34]} {[%emt 00:00:31]} Rc8 {[%clk 00:11:47]} {[%emt 00:00:37]} 28. Qb3
{[%clk 00:04:33]} {[%emt 00:02:31]} Qe5 {[%clk 00:09:00]} {[%emt 00:03:16]} 29.
Rc1 {[%clk 00:03:51]} {[%emt 00:01:12]} Qd6 {[%clk 00:05:28]} {[%emt 00:04:02]}
30. Rd1 {[%clk 00:03:39]} {[%emt 00:00:42]} 1/2-1/2

[Event "DEM U14 2025"]
[Site "Willingen GER"]
[Date "2025.06.08"]
[Round "2"]
[White "Lücke, Julius"]
[Black "Sepe, Giovanni Paolo"]
[Result "1-0"]
[Termination "normal"]
[Board "10"]
[WhiteElo "1749"]
[BlackElo "2101"]
[WhiteClock "00:15:06"]
[BlackClock "00:02:27"]
[PlyCount "77"]
[WhiteFideId "34674977"]
[BlackFideId "34631909"]
[EventCountry "GER"]
[EventRounds "9"]
[EventType "swiss"]
[EventDate "2025.06.07"]

1. d4 {[%clk 01:30:54]} {[%emt 00:00:05]} d5 {[%clk 01:30:56]} {[%emt
00:00:04]} 2. c4 {[%clk 01:31:19]} {[%emt 00:00:06]} c6 {[%clk 01:28:13]}
{[%emt 00:03:14]} 3. Nf3 {[%clk 01:31:37]} {[%emt 00:00:11]} Nf6 {[%clk
01:28:38]} {[%emt 00:00:05]} 4. Nc3 {[%clk 01:32:00]} {[%emt 00:00:07]} e6
{[%emt 00:01:25]} 5. Bg5 {[%clk 01:31:09]} {[%emt 00:01:14]} Nbd7 {[%clk
01:27:39]} {[%emt 00:00:41]} 6. e3 {[%clk 01:30:34]} {[%emt 00:01:05]} Be7
{[%clk 01:25:20]} {[%emt 00:02:49]} 7. cxd5 {[%clk 01:29:02]} {[%emt 00:02:02]}
exd5 {[%clk 01:24:54]} {[%emt 00:00:56]} 8. Bd3 {[%clk 01:29:21]} {[%emt
00:00:11]} O-O {[%clk 01:25:03]} {[%emt 00:00:22]} 9. Qc2 {[%clk 01:28:55]}
{[%emt 00:00:55]} Re8 {[%clk 01:25:23]} {[%emt 00:00:10]} 10. O-O {[%clk
01:29:18]} {[%emt 00:00:07]} Nf8 {[%clk 01:21:44]} {[%emt 00:04:08]} 11. Rab1
{[%clk 01:28:38]} {[%emt 00:01:10]} a5 {[%clk 01:17:03]} {[%emt 00:05:12]} 12.
a3 {[%clk 01:27:34]} {[%emt 00:01:34]} g6 {[%clk 01:08:43]} {[%emt 00:08:50]}
13. b4 {[%clk 01:24:50]} {[%emt 00:03:14]} Ne6 {[%clk 01:07:40]} {[%emt
00:01:33]} 14. Bh4 {[%clk 01:24:23]} {[%emt 00:00:57]} Ng7 {[%clk 01:06:36]}
{[%emt 00:01:34]} 15. Rfc1 {[%clk 01:18:59]} {[%emt 00:05:54]} Nf5 {[%clk
00:49:00]} {[%emt 00:18:06]} 16. Bxf6 {[%clk 01:12:56]} {[%emt 00:06:33]} Bxf6
{[%clk 00:49:20]} {[%emt 00:00:10]} 17. b5 {[%clk 01:12:18]} {[%emt 00:01:08]}
Qe7 {[%clk 00:34:54]} {[%emt 00:14:56]} 18. Na4 {[%clk 01:08:10]} {[%emt
00:04:38]} Nd6 {[%clk 00:21:01]} {[%emt 00:14:22]} 19. bxc6 {[%clk 01:02:48]}
{[%emt 00:05:53]} bxc6 {[%clk 00:21:16]} {[%emt 00:00:15]} 20. Nb6 {[%clk
01:03:09]} {[%emt 00:00:08]} Ra7 {[%clk 00:14:12]} {[%emt 00:07:34]} 21. Qxc6
{[%clk 01:01:28]} Bb7 {[%clk 00:14:00]} {[%emt 00:02:54]} 22. Nxd5 {[%clk
00:56:06]} {[%emt 00:05:52]} Qe6 {[%clk 00:11:34]} {[%emt 00:02:55]} 23. Nxf6+
{[%clk 00:55:14]} {[%emt 00:01:22]} Qxf6 {[%clk 00:12:00]} {[%emt 00:00:05]}
24. Qc5 {[%clk 00:49:51]} {[%emt 00:05:53]} Bxf3 {[%clk 00:11:36]} {[%emt
00:00:54]} 25. Qxa7 {[%clk 00:45:48]} {[%emt 00:04:33]} Qg5 {[%clk 00:09:17]}
{[%emt 00:02:49]} 26. Bf1 {[%clk 00:44:44]} {[%emt 00:01:33]} Kg7 {[%clk
00:04:33]} {[%emt 00:05:14]} 27. Qc5 {[%clk 00:42:30]} {[%emt 00:02:45]} Nf5
{[%clk 00:04:20]} {[%emt 00:00:43]} 28. Rc3 {[%clk 00:38:11]} {[%emt 00:04:48]}
Re4 {[%clk 00:02:54]} {[%emt 00:01:56]} 29. Qd5 {[%clk 00:19:18]} {[%emt
00:19:24]} Qg4 {[%clk 00:01:06]} {[%emt 00:02:17]} 30. Rb7 {[%clk 00:16:06]}
{[%emt 00:03:42]} Nh4 {[%clk 00:00:31]} {[%emt 00:01:05]} 31. Qxf7+ {[%clk
00:14:11]} {[%emt 00:02:26]} Kh6 {[%clk 00:01:00]} 32. Qxh7+ {[%clk 00:14:22]}
{[%emt 00:00:18]} Kg5 {[%clk 00:01:30]} 33. Rb5+ {[%clk 00:14:22]} {[%emt
00:00:31]} Kf6 {[%clk 00:01:11]} {[%emt 00:00:49]} 34. Rc6+ {[%clk 00:14:21]}
{[%emt 00:00:31]} Re6 {[%clk 00:01:13]} {[%emt 00:00:28]} 35. Qh8+ {[%clk
00:13:56]} {[%emt 00:00:55]} Kf7 {[%clk 00:01:24]} {[%emt 00:00:19]} 36. Rb7+
{[%clk 00:14:17]} {[%emt 00:00:10]} Re7 {[%clk 00:01:49]} {[%emt 00:00:05]} 37.
Qh7+ {[%clk 00:14:32]} {[%emt 00:00:14]} Kf8 {[%clk 00:02:00]} {[%emt
00:00:19]} 38. Qxe7+ {[%clk 00:14:51]} {[%emt 00:00:11]} Kg8 {[%clk 00:02:27]}
{[%emt 00:00:03]} 39. Qg7# {[%clk 00:15:06]} {[%emt 00:00:15]} 1-0